[Event "21st European Teams"]
[Site "Hersonissos GRE"]
[Date "2017.11.01"]
[Round "5.1"]
[Board "2"]
[White "Movsesian, Sergei"]
[Black "Erdos, Viktor"]
[Result "1/2-1/2"]
[WhiteTitle "GM"]
[BlackTitle "GM"]
[WhiteElo "2671"]
[BlackElo "2624"]
[WhiteTeam "Armenia"]
[BlackTeam "Hungary"]
[WhiteFideId "310204"]
[BlackFideId "719978"]
[EventDate "2017.10.28"]

1. e4 e6 2. d4 d5 3. Nd2 c5 4. exd5 Qxd5 5. dxc5 Qxc5 6. Ngf3 Nf6 7. Bd3 Be7 8.
O-O Nbd7 9. a4 Qc7 10. a5 Nc5 11. Bc4 O-O 12. Qe2 Rd8 13. Ne5 Bd6 14. Ndf3 Nce4
15. Bf4 g5 16. Bd3 gxf4 17. Bxe4 Nxe4 18. Qxe4 Bxe5 19. Nxe5 f6 20. Nf3 e5 21.
Rfd1 Be6 22. h3 Qc6 23. Qxc6 bxc6 24. Kf1 Kf7 25. b3 c5 26. Ke2 c4 27. Rxd8 Rxd8
28. Nd2 cxb3 29. cxb3 Rc8 30. b4 Bd5 31. g3 fxg3 32. fxg3 Bc6 33. Ke3 Bd5 34. b5
Rc3+ 1/2-1/2

[Event "21st European Teams"]
[Site "Hersonissos GRE"]
[Date "2017.11.01"]
[Round "5.1"]
[Board "3"]
[White "Rapport, Richard"]
[Black "Sargissian, Gabriel"]
[Result "1/2-1/2"]
[WhiteTitle "GM"]
[BlackTitle "GM"]
[WhiteElo "2686"]
[BlackElo "2657"]
[WhiteTeam "Hungary"]
[BlackTeam "Armenia"]
[WhiteFideId "738590"]
[BlackFideId "13300881"]
[EventDate "2017.10.28"]

1. d4 d5 2. Nf3 Nf6 3. c3 c6 4. Bf4 Bf5 5. Nh4 Be4 6. Nd2 e6 7. Qb3 Qb6 8. f3
Bg6 9. e3 Be7 10. g4 Nfd7 11. Nxg6 hxg6 12. c4 a5 13. a3 Qxb3 14. Nxb3 dxc4 15.
Bxc4 Nb6 16. Rc1 N8d7 17. Ke2 Nd5 18. Bg3 Bh4 19. e4 N5b6 20. Nd2 Bxg3 21. hxg3
Ke7 22. g5 Rxh1 23. Rxh1 c5 24. dxc5 Nxc5 25. Bb5 Rd8 26. Ke3 a4 27. Rc1 Rxd2
28. Kxd2 Nb3+ 29. Kd1 Nxc1 30. Kxc1 f6 31. gxf6+ gxf6 32. Kc2 Kd6 33. Kc3 Kc5
34. Be8 g5 35. Bf7 Nc4 36. Bxe6 Ne5 37. Bc8 b6 38. f4 gxf4 39. gxf4 Ng6 40. Bd7
b5 41. e5 fxe5 42. fxe5 Nxe5 1/2-1/2

[Event "21st European Teams"]
[Site "Hersonissos GRE"]
[Date "2017.11.01"]
[Round "5.1"]
[Board "4"]
[White "Melkumyan, Hrant"]
[Black "Berkes, Ferenc"]
[Result "1/2-1/2"]
[WhiteTitle "GM"]
[BlackTitle "GM"]
[WhiteElo "2642"]
[BlackElo "2661"]
[WhiteTeam "Armenia"]
[BlackTeam "Hungary"]
[WhiteFideId "13302485"]
[BlackFideId "718572"]
[EventDate "2017.10.28"]

1. d4 Nf6 2. c4 e6 3. Nf3 d5 4. Nc3 Nbd7 5. Qc2 dxc4 6. e4 c5 7. dxc5 Bxc5 8.
Bxc4 Qc7 9. O-O O-O 10. Qe2 Ne5 11. Bf4 Bd6 12. Nxe5 Bxe5 13. Bxe5 Qxe5 14. Kh1
Qf4 15. Rad1 Bd7 16. f3 Rac8 17. Bb3 Bc6 18. Qd2 Qxd2 19. Rxd2 Rfd8 20. Rfd1
Rxd2 21. Rxd2 g5 22. Kg1 Kf8 23. Kf2 Ke7 24. Bd1 Nd7 25. Ke3 h6 26. a3 Nb6 27.
Be2 Na4 28. Nxa4 Bxa4 29. Rd4 Bd7 30. Rc4 Rxc4 31. Bxc4 f6 1/2-1/2

[Event "21st European Teams"]
[Site "Hersonissos GRE"]
[Date "2017.11.01"]
[Round "5.2"]
[Board "1"]
[White "Saric, Ivan"]
[Black "Nisipeanu, Liviu-Dieter"]
[Result "1/2-1/2"]
[WhiteTitle "GM"]
[BlackTitle "GM"]
[WhiteElo "2662"]
[BlackElo "2672"]
[WhiteTeam "Croatia"]
[BlackTeam "Germany"]
[WhiteFideId "14508150"]
[BlackFideId "1202758"]
[EventDate "2017.10.28"]

1. e4 c6 2. d4 d5 3. Nc3 dxe4 4. Nxe4 Bf5 5. Ng3 Bg6 6. h4 h6 7. Nf3 Nd7 8. h5
Bh7 9. Bd3 Bxd3 10. Qxd3 e6 11. Bd2 Ngf6 12. O-O-O Be7 13. Kb1 O-O 14. Ne4 c5
15. g4 Nxg4 16. Qe2 Qb6 17. Ne5 Ndxe5 18. dxe5 f5 19. exf6 Nxf6 20. Nc3 Rad8 21.
Rhg1 Kh8 22. Rg6 Rf7 23. Rdg1 Qa6 24. Qe3 Qd6 25. Bc1 Nd5 26. Nxd5 Qxd5 27. Qg3
Qd6 28. Rxg7 Qxg3 29. R7xg3 Kh7 30. Rg6 Bf8 31. Rxe6 Rd5 32. Rh1 Rxf2 33. b3 Rf7
34. Bb2 Bg7 35. a4 Bxb2 36. Kxb2 Kg7 37. Rh2 Rg5 38. Rd6 1/2-1/2

[Event "21st European Teams"]
[Site "Hersonissos GRE"]
[Date "2017.11.01"]
[Round "5.2"]
[Board "2"]
[White "Bluebaum, Matthias"]
[Black "Bosiocic, Marin"]
[Result "0-1"]
[WhiteTitle "GM"]
[BlackTitle "GM"]
[WhiteElo "2643"]
[BlackElo "2619"]
[WhiteTeam "Germany"]
[BlackTeam "Croatia"]
[WhiteFideId "24651516"]
[BlackFideId "14507927"]
[EventDate "2017.10.28"]

1. d4 Nf6 2. c4 e6 3. Nf3 b6 4. g3 Ba6 5. b3 Bb4+ 6. Bd2 Be7 7. Nc3 d5 8. cxd5
exd5 9. Bg2 O-O 10. O-O Re8 11. Qc2 Nbd7 12. Ne5 Bb7 13. Rad1 h6 14. Nb5 c5 15.
Bf4 Nf8 16. dxc5 Bxc5 17. Nd3 Ba6 18. Nc7 Rc8 19. b4 Bd4 20. Qa4 Bc4 21. Nxe8
Qxe8 22. Qxe8 Rxe8 23. Nc1 Ne6 24. Bd2 b5 25. Rfe1 Ne4 26. Bxe4 dxe4 27. Nb3 Be5
28. Rc1 f5 29. Bc3 Bc7 30. Nd4 f4 31. Nxe6 Rxe6 32. Bd4 a6 33. Rc2 e3 34. gxf4
Rg6+ 35. Kf1 Be6 36. fxe3 Bd8 37. e4 Bh3+ 38. Kf2 Bh4+ 39. Kf3 Bg2+ 40. Ke3 Bxe1
41. a3 Re6 42. Rc8+ Kf7 43. Rc7+ Ke8 44. e5 g6 45. Kd3 Rc6 46. Rh7 Rc1 47. Rxh6
Rd1+ 48. Ke3 Rb1 49. f5 gxf5 50. Bc5 Rb3+ 51. Kf4 Rh3 52. Rxa6 Be4 53. e6 Rxh2
54. Ra7 Rh6 55. Re7+ Kd8 56. Rd7+ Ke8 57. Re7+ Kd8 58. Rd7+ Kc8 59. Rd1 Bc3 60.
e7 Rh8 61. Bd6 Bf6 62. Rc1+ Kd7 63. Rd1 Rh4+ 64. Ke3 Rh3+ 65. Kf4 Bxe7 66. Bxe7+
Kxe7 67. Ra1 Kd6 68. a4 bxa4 69. Rxa4 Kc6 0-1

[Event "21st European Teams"]
[Site "Hersonissos GRE"]
[Date "2017.11.01"]
[Round "5.2"]
[Board "3"]
[White "Stevic, Hrvoje"]
[Black "Fridman, Daniel"]
[Result "1/2-1/2"]
[WhiteTitle "GM"]
[BlackTitle "GM"]
[WhiteElo "2616"]
[BlackElo "2626"]
[WhiteTeam "Croatia"]
[BlackTeam "Germany"]
[WhiteFideId "14502569"]
[BlackFideId "11600454"]
[EventDate "2017.10.28"]

1. e4 e5 2. Nf3 Nf6 3. Nxe5 d6 4. Nf3 Nxe4 5. d4 d5 6. Bd3 Nc6 7. O-O Bg4 8. c4
Nf6 9. Nc3 Be7 10. cxd5 Nxd5 11. h3 Be6 12. Re1 O-O 13. a3 Re8 14. Bc2 Bf6 15.
Qd3 g6 16. Bh6 Nxc3 17. bxc3 Bf5 18. Rxe8+ Qxe8 19. Qd2 Bxc2 20. Qxc2 Qd7 21.
Re1 Re8 22. Rxe8+ Qxe8 23. Qb3 Nd8 24. d5 b6 25. c4 Nb7 26. Bf4 Nd6 27. Bxd6
cxd6 28. Qc2 Qc8 29. Qa4 Kf8 30. Qxa7 Qxc4 31. Qb8+ Ke7 32. Qb7+ Kf8 33. Qb8+
Ke7 34. Qb7+ Kf8 35. Qb8+ 1/2-1/2

[Event "21st European Teams"]
[Site "Hersonissos GRE"]
[Date "2017.11.01"]
[Round "5.2"]
[Board "4"]
[White "Svane, Rasmus"]
[Black "Jankovic, Alojzije"]
[Result "1/2-1/2"]
[WhiteTitle "GM"]
[BlackTitle "GM"]
[WhiteElo "2595"]
[BlackElo "2575"]
[WhiteTeam "Germany"]
[BlackTeam "Croatia"]
[WhiteFideId "4657101"]
[BlackFideId "14505959"]
[EventDate "2017.10.28"]

1. d4 d5 2. Nf3 Bf5 3. c4 e6 4. Nc3 Nc6 5. Bf4 Bd6 6. Bxd6 Qxd6 7. e3 dxc4 8.
Bxc4 Nf6 9. O-O O-O 10. Be2 h6 11. Rc1 a6 12. Nd2 e5 13. Nc4 Qe7 14. d5 Rad8 15.
Qb3 Nxd5 16. Nxd5 Rxd5 17. Qxb7 Nb4 18. a3 Rb5 19. Qf3 Bd3 20. Bxd3 Nxd3 21. Rc3
Nxb2 22. Nxb2 Rxb2 23. Qc6 Rb6 24. Qxc7 Qxc7 25. Rxc7 Rd8 26. g3 Rd3 27. Ra1
Rbb3 28. Rc6 Rxa3 29. Rxa6 Rxa1+ 30. Rxa1 h5 31. Kg2 1/2-1/2

[Event "21st European Teams"]
[Site "Hersonissos GRE"]
[Date "2017.11.01"]
[Round "5.3"]
[Board "1"]
[White "Wojtaszek, Radoslaw"]
[Black "Zhigalko, Sergei"]
[Result "1/2-1/2"]
[WhiteTitle "GM"]
[BlackTitle "GM"]
[WhiteElo "2737"]
[BlackElo "2638"]
[WhiteTeam "Poland"]
[BlackTeam "Belarus"]
[WhiteFideId "1118358"]
[BlackFideId "13502956"]
[EventDate "2017.10.28"]

1. d4 Nf6 2. c4 e6 3. g3 c5 4. d5 exd5 5. cxd5 d6 6. Nc3 g6 7. Nf3 Bg7 8. Bg2
O-O 9. O-O Re8 10. Bf4 Na6 11. Re1 Bg4 12. h3 Bxf3 13. Bxf3 Nd7 14. Ne4 Ne5 15.
Bg2 Nc7 16. g4 f5 17. gxf5 gxf5 18. Bg5 Qd7 19. Ng3 Qf7 20. e4 fxe4 21. Nxe4 Qg6
22. Re3 Nc4 23. Rg3 Rxe4 24. Bxe4 Qxe4 25. Bh6 Ne8 26. Bxg7 Nxg7 27. Rg4 Qf5 28.
Rxc4 Rf8 29. Qe2 Qxh3 30. Rg4 Kh8 31. Rg2 Nf5 32. Qg4 Qh6 33. Qg5 Qxg5 34. Rxg5
Nh4 35. Rh5 Rf4 36. Kh2 Nf5 37. Rg1 Rxf2+ 38. Kh3 Ne7 39. Rh6 Rf3+ 40. Kg2 Rd3
41. Rgh1 Kg7 42. Rxh7+ Kf6 43. Re1 Nxd5 44. Rxb7 c4 45. a4 Nf4+ 46. Kf2 d5 47.
Re8 Rd2+ 48. Kf3 Nd3 49. Ke3 Rxb2 50. Rxb2 Nxb2 51. a5 c3 52. a6 c2 53. Kd2 Nd3
54. Kxc2 Nb4+ 55. Kc3 Nxa6 56. Kd4 Nc7 57. Rc8 Ne6+ 58. Kxd5 Kf5 59. Kd6 Nf4 60.
Ra8 Ke4 61. Rxa7 Kf5 62. Ra8 Ke4 63. Ra5 Ng6 64. Rg5 Nf4 65. Rg4 Kf5 66. Rxf4+
Kxf4 1/2-1/2

[Event "21st European Teams"]
[Site "Hersonissos GRE"]
[Date "2017.11.01"]
[Round "5.3"]
[Board "3"]
[White "Piorun, Kacper"]
[Black "Stupak, Kirill"]
[Result "1-0"]
[WhiteTitle "GM"]
[BlackTitle "GM"]
[WhiteElo "2640"]
[BlackElo "2578"]
[WhiteTeam "Poland"]
[BlackTeam "Belarus"]
[WhiteFideId "1130420"]
[BlackFideId "13503758"]
[EventDate "2017.10.28"]

1. e4 e6 2. d4 d5 3. Nc3 Bb4 4. e5 c5 5. a3 Bxc3+ 6. bxc3 Qa5 7. Bd2 Qa4 8. Qg4
Kf8 9. Qd1 b6 10. dxc5 bxc5 11. Nf3 Ba6 12. Bxa6 Qxa6 13. Qe2 Ne7 14. Rb1 Qc6
15. c4 Nd7 16. cxd5 exd5 17. h4 h6 18. h5 Ke8 19. O-O Nf8 20. Nh4 g5 21. hxg6
fxg6 22. e6 Qxe6 23. Qf3 Rh7 24. Rfe1 Qc6 25. c4 Rf7 26. Qg3 g5 27. Nf3 Nd7 28.
cxd5 Qxd5 29. Rbd1 Qf5 30. Bc1 Rd8 31. Rd6 Rf6 32. Bb2 Rxd6 33. Qxd6 Qf8 34.
Qg6+ Qf7 35. Qxh6 Nf8 36. Ne5 Qe6 37. Qh5+ Nfg6 38. Nf3 Qb6 39. Nxg5 Rd6 40. Bc3
Kd7 41. Qg4+ Kc7 42. Qc4 Kb8 43. Ne6 Rd5 44. Qa4 Rd6 45. Qe8+ Kb7 46. Nf4 Nc8
47. Nxg6 Rxg6 48. Qf7+ Ka6 49. a4 Qc6 50. f3 c4 51. Qf5 Rd6 52. a5 Rd5 53. Re6
Nd6 54. Qb1 Qc8 55. Qe1 Qc5+ 56. Kf1 Kb5 57. Qb1+ Kc6 58. Qb4 Rd3 59. a6 Qb6 60.
Qxb6+ Kxb6 61. Bb4 1-0

[Event "21st European Teams"]
[Site "Hersonissos GRE"]
[Date "2017.11.01"]
[Round "5.3"]
[Board "4"]
[White "Aleksandrov, Aleksej"]
[Black "Tomczak, Jacek"]
[Result "0-1"]
[WhiteTitle "GM"]
[BlackTitle "GM"]
[WhiteElo "2588"]
[BlackElo "2583"]
[WhiteTeam "Belarus"]
[BlackTeam "Poland"]
[WhiteFideId "13500139"]
[BlackFideId "1124668"]
[EventDate "2017.10.28"]

1. d4 Nf6 2. c4 g6 3. Nc3 d5 4. e3 Bg7 5. cxd5 Nxd5 6. Nxd5 Qxd5 7. Ne2 O-O 8.
Nc3 Qd6 9. Be2 Rd8 10. O-O Na6 11. Ne4 Qb6 12. Bc4 Qc6 13. Nd2 Be6 14. Qb3 Bxc4
15. Nxc4 Qd5 16. Bd2 c5 17. Bc3 cxd4 18. exd4 Rac8 19. Na5 b6 20. Qxd5 Rxd5 21.
Nb3 Nc7 22. a4 Ne6 23. Rfe1 Nxd4 24. Nxd4 Bxd4 25. Rxe7 Bxc3 26. bxc3 Ra5 27. g3
Rxc3 28. Rd1 Rxa4 29. Rdd7 Rf3 30. Rxa7 Rxa7 31. Rxa7 Kg7 32. Rb7 Rb3 33. h4 h5
34. Kg2 Kf6 35. Kf1 Ke6 36. Ke2 b5 37. Rb6+ Ke5 38. Rb7 f6 39. Re7+ Kf5 40. Rb7
Rb2+ 41. Kf3 Rb3+ 42. Ke2 Rb2+ 43. Kf3 Rb1 44. Rb8 b4 45. Rb5+ Ke6 46. Rb6+ Ke5
47. Rb5+ Kd4 48. Rb6 b3 49. Rxf6 Kc5 50. Rf8 Rd1 51. Rb8 Kc4 52. Ke4 Rd4+ 53.
Ke5 Rd5+ 54. Kf6 Rb5 55. Re8 b2 56. Re1 Rb6+ 57. Kg5 Kd3 58. f3 b1=Q 59. Rxb1
Rxb1 60. Kxg6 Rg1 61. g4 hxg4 0-1

[Event "21st European Teams"]
[Site "Hersonissos GRE"]
[Date "2017.11.01"]
[Round "5.4"]
[Board "1"]
[White "Grischuk, Alexander"]
[Black "Solak, Dragan"]
[Result "1-0"]
[WhiteTitle "GM"]
[BlackTitle "GM"]
[WhiteElo "2785"]
[BlackElo "2626"]
[WhiteTeam "Russia"]
[BlackTeam "Turkey"]
[WhiteFideId "4126025"]
[BlackFideId "916811"]
[EventDate "2017.10.28"]

1. e4 c6 2. d4 d5 3. exd5 cxd5 4. Nf3 Nc6 5. Bb5 e6 6. O-O Bd6 7. Re1 Ne7 8. Bd3
Ng6 9. c4 dxc4 10. Bxc4 O-O 11. Nc3 b6 12. Bg5 Be7 13. Bxe7 Ncxe7 14. d5 exd5
15. Nxd5 Nc6 16. Qa4 Na5 17. Rad1 Nxc4 18. Qxc4 Be6 19. Qe4 Bxd5 20. Rxd5 Qc7
21. g3 Rad8 22. Nd4 Rxd5 23. Qxd5 Rd8 24. Qc6 Qd7 25. Qxd7 Rxd7 26. Re8+ Nf8 27.
Nc6 f6 28. b4 Kf7 29. Ra8 Ne6 30. a4 a5 31. bxa5 bxa5 32. Rxa5 Nd4 33. Ra7 Rxa7
34. Nxa7 Ke6 35. f4 g5 36. fxg5 fxg5 37. Kf2 h5 38. Nb5 Nb3 39. Ke3 Ke5 40. Na3
Na5 41. Kd3 Kd5 42. Nc2 Nb3 43. Ne3+ Kc5 44. Nf5 Kd5 45. Ke3 Na5 46. Kd3 Nb3 47.
Kc3 Nc5 48. a5 Na6 49. Kd3 Nb4+ 50. Ke3 Ke5 51. Nd4 Kd5 52. Nf3 g4 53. Nd4 Ke5
54. Ne2 Nd5+ 55. Kd3 Nb4+ 56. Kc4 Nc6 57. a6 Kd6 58. Nf4 Ne5+ 59. Kd4 h4 60.
gxh4 Nf3+ 61. Ke4 Kc6 62. h5 Nxh2 63. h6 Nf3 64. Kf5 g3 65. h7 Nd4+ 66. Kf6 1-0

[Event "21st European Teams"]
[Site "Hersonissos GRE"]
[Date "2017.11.01"]
[Round "5.4"]
[Board "2"]
[White "Yilmaz, Mustafa"]
[Black "Nepomniachtchi, Ian"]
[Result "1/2-1/2"]
[WhiteTitle "GM"]
[BlackTitle "GM"]
[WhiteElo "2633"]
[BlackElo "2733"]
[WhiteTeam "Turkey"]
[BlackTeam "Russia"]
[WhiteFideId "6302718"]
[BlackFideId "4168119"]
[EventDate "2017.10.28"]

1. d4 d6 2. Nf3 g6 3. c4 f5 4. g3 Bg7 5. Bg2 Nf6 6. O-O O-O 7. Nc3 c6 8. b3 Na6
9. Bb2 Qc7 10. Rc1 e5 11. Nb5 Qe7 12. dxe5 dxe5 13. Ba3 c5 14. Qd6 Qxd6 15. Nxd6
e4 16. Ng5 Nb4 17. Bxb4 cxb4 18. Rfd1 h6 19. Nxc8 Raxc8 20. Ne6 Rfe8 21. Nxg7
Kxg7 22. f3 Rc7 23. Rd4 exf3 24. Bxf3 b6 25. a3 bxa3 26. Ra1 Nd7 27. Rxa3 Re3
28. Kf2 Rc3 29. Rd3 Rc2 30. Re3 Kf6 31. Re8 a5 32. Bd5 Nc5 33. Rb8 Nd7 34. Re8
Nc5 35. Rb8 Nd7 1/2-1/2

[Event "21st European Teams"]
[Site "Hersonissos GRE"]
[Date "2017.11.01"]
[Round "5.4"]
[Board "3"]
[White "Matlakov, Maxim"]
[Black "Can, Emre"]
[Result "1-0"]
[WhiteTitle "GM"]
[BlackTitle "GM"]
[WhiteElo "2730"]
[BlackElo "2604"]
[WhiteTeam "Russia"]
[BlackTeam "Turkey"]
[WhiteFideId "4168003"]
[BlackFideId "6302181"]
[EventDate "2017.10.28"]

1. d4 Nf6 2. c4 g6 3. Nc3 Bg7 4. e4 d6 5. f3 O-O 6. Be3 c5 7. Nge2 Nc6 8. d5 Ne5
9. Ng3 h5 10. Be2 h4 11. Nf1 e6 12. Bg5 h3 13. Ne3 hxg2 14. Nxg2 exd5 15. Nxd5
Be6 16. Ngf4 Re8 17. h4 Ned7 18. Qd2 Bxd5 19. Nxd5 Nf8 20. h5 N8h7 21. hxg6 Nxg5
22. Qxg5 Re5 23. gxf7+ Kxf7 24. Qf4 Kg8 25. Ne3 Nh5 26. Qh2 Qa5+ 27. Kf2 Rf8 28.
Rag1 Qd2 29. Rg4 Rf7 30. b3 Kf8 31. Rd1 Qb2 32. Rxd6 Nf6 33. Rf4 Rh5 34. Qg3 Qe5
35. Rd8+ Ke7 36. Rd1 Rg5 37. Nf5+ 1-0

[Event "21st European Teams"]
[Site "Hersonissos GRE"]
[Date "2017.11.01"]
[Round "5.5"]
[Board "3"]
[White "Naiditsch, Arkadij"]
[Black "Stocek, Jiri"]
[Result "1/2-1/2"]
[WhiteTitle "GM"]
[BlackTitle "GM"]
[WhiteElo "2702"]
[BlackElo "2581"]
[WhiteTeam "Azerbaijan"]
[BlackTeam "Czech Republic"]
[WhiteFideId "4650891"]
[BlackFideId "304760"]
[EventDate "2017.10.28"]

1. e4 c5 2. Nf3 e6 3. d4 cxd4 4. Nxd4 Nf6 5. Nc3 d6 6. g4 h6 7. h4 Nc6 8. Rg1 d5
9. exd5 Nxd5 10. Nxd5 Qxd5 11. Be3 Bd7 12. Bg2 Qc4 13. c3 Bc5 14. Nxc6 Bxc6 15.
Qb3 Qxb3 16. Bxc6+ bxc6 17. axb3 Bxe3 18. fxe3 Kd7 19. Rf1 f6 20. Rf4 Rhb8 21.
Ra3 Rb5 22. Rfa4 a5 23. Ke2 g5 24. hxg5 Rxg5 25. Rf4 Rf8 26. b4 axb4 27. Rxb4 h5
28. Rd4+ Rd5 29. Re4 f5 30. gxf5 Rdxf5 31. Ra7+ Kd6 32. b4 e5 33. Rh4 Rh8 34. c4
Rff8 35. Kd3 Rb8 36. c5+ Ke6 37. Rc7 Kf5 38. Rxc6 Kg5 39. Re4 Kf5 40. Rd6 Rbd8
41. Rh4 Rxd6+ 42. cxd6 Ke6 43. Kc4 Kxd6 44. b5 Rc8+ 45. Kb4 Rh8 46. e4 Rh6 47.
Rh1 Kc7 48. Rh4 1/2-1/2

[Event "21st European Teams"]
[Site "Hersonissos GRE"]
[Date "2017.11.01"]
[Round "5.5"]
[Board "4"]
[White "Plat, Vojtech"]
[Black "Mamedov, Rauf"]
[Result "0-1"]
[WhiteTitle "GM"]
[BlackTitle "GM"]
[WhiteElo "2551"]
[BlackElo "2678"]
[WhiteTeam "Czech Republic"]
[BlackTeam "Azerbaijan"]
[WhiteFideId "325740"]
[BlackFideId "13401653"]
[EventDate "2017.10.28"]

1. e4 g6 2. d4 Bg7 3. Nc3 d6 4. Be3 Nf6 5. Qd2 Nc6 6. f3 e5 7. Nge2 exd4 8. Nxd4
O-O 9. Nxc6 bxc6 10. O-O-O Be6 11. Bh6 Bxh6 12. Qxh6 Qb8 13. h4 Qb4 14. h5 Rab8
15. Qg5 Ne8 16. Qh6 g5 17. Qxg5+ Kh8 18. Qe3 Qxb2+ 19. Kd2 Qa3 20. Bd3 Qa5 21.
g4 Rg8 22. Rhg1 f6 23. Rb1 Rb6 24. Qh6 Rg7 25. e5 dxe5 26. Bxh7 Rxh7 27. Qf8+
Bg8 28. Qxe8 e4 29. f4 Rb4 30. Qd8 Rf7 31. Rxb4 Qxb4 32. Rg3 Rf8 33. Qd7 Bd5 34.
h6 Rg8 35. Kc1 Qa3+ 36. Kd1 Qc5 37. g5 Qd4+ 38. Kc1 e3 39. Nb1 e2 40. Qe7 Be4 0-1

[Event "21st European Teams"]
[Site "Hersonissos GRE"]
[Date "2017.11.01"]
[Round "5.6"]
[Board "1"]
[White "Markus, Robert"]
[Black "Bauer, Christian"]
[Result "1-0"]
[WhiteTitle "GM"]
[BlackTitle "GM"]
[WhiteElo "2644"]
[BlackElo "2647"]
[WhiteTeam "Serbia"]
[BlackTeam "France"]
[WhiteFideId "921637"]
[BlackFideId "603767"]
[EventDate "2017.10.28"]

1. d4 Nf6 2. c4 e6 3. Nf3 d5 4. g3 Bb4+ 5. Bd2 Be7 6. Bg2 O-O 7. O-O Nbd7 8. Qc2
c6 9. Rd1 b6 10. b3 Ba6 11. a4 Ne4 12. Be1 f5 13. Nc3 Rc8 14. a5 b5 15. c5 Qe8
16. Na2 Rc7 17. Nb4 Bc8 18. a6 Bf6 19. Nd3 Nb8 20. Ra2 Re7 21. Nfe5 Bxa6 22.
Rda1 Qc8 23. f3 Ng5 24. Nb4 Bb7 25. Rxa7 Nd7 26. Nbd3 Nf7 27. f4 g5 28. e3 Kh8
29. Qe2 Rg8 30. h3 Nf8 31. Qh5 Rg7 32. Kh2 Kg8 33. Kh1 g4 34. Nxf7 Rexf7 35.
hxg4 fxg4 36. Nf2 e5 37. dxe5 Bd8 38. Kg1 Rf5 39. Qh1 Ne6 40. b4 Rg6 41. e4 Rxf4
42. gxf4 Nxf4 43. R1a3 Bg5 44. Kf1 d4 45. Nd3 Qf8 46. Nxf4 Qxf4+ 47. Ke2 Qf7 48.
Rd3 Rg7 49. Qf1 Qc4 50. Qf5 Qc2+ 51. Bd2 Bxd2 52. Qe6+ Rf7 53. Rxd2 1-0

[Event "21st European Teams"]
[Site "Hersonissos GRE"]
[Date "2017.11.01"]
[Round "5.6"]
[Board "2"]
[White "Gharamian, Tigran"]
[Black "Ivanisevic, Ivan"]
[Result "1-0"]
[WhiteTitle "GM"]
[BlackTitle "GM"]
[WhiteElo "2626"]
[BlackElo "2593"]
[WhiteTeam "France"]
[BlackTeam "Serbia"]
[WhiteFideId "13301527"]
[BlackFideId "912417"]
[EventDate "2017.10.28"]

1. e4 e5 2. Nf3 Nc6 3. Bb5 Bc5 4. c3 Nf6 5. d4 exd4 6. e5 Ne4 7. cxd4 Bb4+ 8.
Nbd2 O-O 9. O-O d5 10. Qa4 Rb8 11. a3 Be7 12. Re1 Bf5 13. Nf1 f6 14. Ng3 fxe5
15. Bxc6 bxc6 16. Nxe5 Bh4 17. Re2 c5 18. Nxe4 Bxe4 19. f3 Bf5 20. dxc5 Bf6 21.
Bf4 Qe8 22. Qd4 Rd8 23. c6 Rd6 24. Rc1 Qd8 25. b4 g5 26. Bg3 Re8 27. Ree1 h5 28.
h3 Bg7 29. b5 g4 30. hxg4 hxg4 31. Qf4 Rf8 32. Nxg4 d4 33. Rc5 Be6 34. Qg5 d3
35. Bxd6 Qxd6 36. Rxe6 Qxe6 37. Rd5 Qe1+ 38. Kh2 d2 39. Rxd2 Qc1 40. Nf6+ 1-0

[Event "21st European Teams"]
[Site "Hersonissos GRE"]
[Date "2017.11.01"]
[Round "5.6"]
[Board "3"]
[White "Perunovic, Milos"]
[Black "Fressinet, Laurent"]
[Result "1/2-1/2"]
[WhiteTitle "GM"]
[BlackTitle "GM"]
[WhiteElo "2608"]
[BlackElo "2657"]
[WhiteTeam "Serbia"]
[BlackTeam "France"]
[WhiteFideId "921629"]
[BlackFideId "608742"]
[EventDate "2017.10.28"]

1. e4 e5 2. Nf3 Nc6 3. d4 exd4 4. Nxd4 Nf6 5. Nxc6 bxc6 6. e5 Qe7 7. Qe2 Nd5 8.
h4 Qe6 9. Nd2 d6 10. exd6 Bxd6 11. Nc4 Bc5 12. a3 O-O 13. Qxe6 Bxe6 14. Bd3 Nf6
15. O-O Ng4 16. Bf4 Bxc4 17. Bxc4 Bd6 18. Bxd6 cxd6 19. Rfe1 Rfe8 20. Ba6 Rab8
21. Rxe8+ Rxe8 22. Rd1 Rd8 23. Bb7 c5 24. b4 Rb8 25. Rxd6 Kf8 26. Bf3 Ne5 27.
Bd5 cxb4 28. Ra6 bxa3 29. Rxa7 Rc8 30. f4 Rc5 31. Bb3 Nc4 32. Ra4 Na5 33. Rxa3
Nxb3 34. cxb3 Rc2 35. Ra7 g6 36. Kh2 Kg7 37. Rb7 Kf6 38. Kh3 h5 39. b4 Rc3+ 40.
Kh2 Rc4 41. Kg3 Rc3+ 42. Kf2 Rb3 43. Rb5 Rb2+ 44. Kf3 Rb3+ 45. Ke4 Rb2 46. Rb6+
Ke7 47. Kf3 Rb3+ 48. Kf2 Rb2+ 49. Kg3 Rb3+ 50. Kh2 Kf8 51. Rb5 Kg7 52. f5 Kf6
53. fxg6 fxg6 54. Kg1 Rb2 55. Kf1 Ke6 56. Kg1 Kf6 57. Rb7 Ke6 58. Rb6+ Kf7 59.
Kf1 Kg7 60. b5 Kf7 61. Kg1 Kg7 62. Kh2 Rb3 63. Rb8 Kf6 64. b6 Kg7 65. Kg1 Rb2
66. Kf1 Kf7 67. Ke1 Kg7 68. g3 Kf6 69. Kd1 Kf5 70. Kc1 Rb5 71. b7 Kg4 72. Rg8
Rxb7 73. Rxg6+ Kf3 74. Rg5 Rb4 75. Rxh5 Kxg3 76. Rh8 Rxh4 77. Rxh4 Kxh4 1/2-1/2

[Event "21st European Teams"]
[Site "Hersonissos GRE"]
[Date "2017.11.01"]
[Round "5.6"]
[Board "4"]
[White "Maze, Sebastien"]
[Black "Indjic, Aleksandar"]
[Result "1-0"]
[WhiteTitle "GM"]
[BlackTitle "GM"]
[WhiteElo "2614"]
[BlackElo "2591"]
[WhiteTeam "France"]
[BlackTeam "Serbia"]
[WhiteFideId "613762"]
[BlackFideId "911925"]
[EventDate "2017.10.28"]

1. e4 c5 2. Nf3 d6 3. d4 cxd4 4. Nxd4 Nf6 5. Nc3 a6 6. g3 e5 7. Nb3 Be7 8. Bg2
Be6 9. O-O O-O 10. Re1 Nbd7 11. a4 Qb8 12. Nd2 Bd8 13. Nd5 b5 14. a5 Nxd5 15.
exd5 Bf5 16. Nf1 Bg6 17. Bd2 f5 18. b4 Ra7 19. Ra3 Rc7 20. Rc3 Rxc3 21. Bxc3 Bf6
22. Qd2 Qc7 23. Bb2 e4 24. Bxf6 Rxf6 25. Re3 Ne5 26. Rc3 Qd7 27. Qd4 Rf8 28. Qb6
f4 29. gxf4 Nf3+ 30. Kh1 h5 31. Qc7 Qg4 32. Qxd6 Bf5 33. Rc7 Rf6 34. Qd8+ Rf8
35. Qd6 Rf6 36. Qd8+ Rf8 37. Qe7 Qg6 38. Rc6 Qg4 39. Rc7 Qg6 40. Ng3 Ne1 41.
Bxe4 Bxe4+ 42. Qxe4 Qxe4+ 43. Nxe4 Rxf4 44. d6 Rxe4 45. d7 Rd4 46. c3 Rd1 47.
Rc8+ Kf7 48. d8=Q Nd3+ 49. Kg2 Nf4+ 50. Kf3 1-0